00451 2200181 4500001002100000005001500021008004100036020001800077035001900095041000700114082000800121090001400129100001800143245002600161260003100187300001900218650003200237INLIS00000000001177420241224114237241224||||||||| | ||| |||| || |  a979-3751-18-5 0010-1224011774 aid0 a100 a100 NAG m0 aNagla Mahfudz00aMengalah Untuk Menang abekasibPustaka Intic2006 a242hlm;16x24cm 0aIlmu Filsafat dan Psikologi